000 00406 a2200193 4500
260 _aLondres
100 _aJONES, Thomas Carlyle
700 1 _aHUNT, Ronald Duncan
260 _bLEA and Febiger
245 _aVeterinary Pathology
300 _a1792p.
650 _aSANTE ANIMALE
260 _c1983
300 _bill.
130 _lEn
020 _a0-8121-0789-6
999 _c22614
_d22614